Normal view
MARC view
- الخطب السياسية-الاردن -الملك عبد الله الثاني
Entry Topical Term
001 - CONTROL NUMBER
- control field: 56972
003 - CONTROL NUMBER IDENTIFIER
- control field: JO-AjAnu
005 - DATE AND TIME OF LATEST TRANSACTION
- control field: 20230606083331.0
008 - FIXED-LENGTH DATA ELEMENTS
- fixed length control field: 230606|| aca||aabn | a|a d
040 ## - CATALOGING SOURCE
- Original cataloging agency: JO-AjAnu
- Transcribing agency: JO-AjAnu
150 ## - HEADING--TOPICAL TERM
- Topical term or geographic name entry element: الخطب السياسية-الاردن -الملك عبد الله الثاني
670 ## - SOURCE DATA FOUND
- Source citation: Work cat.: (JO-AjAnu)29071: اشراف الشؤون الادارية - الديوان الملكي الهاشمي, author 56971, الأوراق النقاشية لصاحب الجلالة الهاشمية الملك عبد الله الثاني ابن الحسين المعظم : من الأولى الى السابعة